| 000 | 00493nam a2200217Ia 4500 | ||
|---|---|---|---|
| 008 | 170918s9999 xx 000 0 und d | ||
| 020 | _a9780439709767 | ||
| 050 | _bJ388 1995 | ||
| 100 | _aJarvis, Robin | ||
| 245 | 4 | _aThe woven path / | |
| 245 | _cRobin Jarvis. | ||
| 260 | _aNew York : | ||
| 260 | _bScholastic, | ||
| 260 | _c1995 | ||
| 300 | _a409 pages : | ||
| 300 | _bcolored illustration ; | ||
| 300 | _c19cm. | ||
| 440 | _aWyrd Museum ; | ||
| 440 | _v1 | ||
| 500 | _a1090 | ||
| 999 |
_c342361 _d342361 |
||